00401nam a2200121Ia 4500008004100000100002000041245004100061245004000102260000900142856003600151999001900187952007300206160531s9999 xx 000 0 und d aAlmossawi, Ali. 3aAn Illustrated Book of Bad Arguments cby Ali Almossawi, Alejandro Giraldo c2013 uhttps://bookofbadarguments.com/ c295137d295137 001040aCLbCLd2016-05-31l0r2016-05-31 00:00:00w2016-05-31yCBE